| 000 | 01283nam a22002777a 4500 | ||
|---|---|---|---|
| 008 | 110925s1991 enk|||||d|||| 001 0 eng d | ||
| 020 | _a0195208250 | ||
| 020 | _a9780195208252 | ||
| 082 |
_222 _a330.9561 _bHAN |
||
| 100 |
_927354 _aHansen, Bent _d1920- |
||
| 245 |
_aThe Political Economy of Poverty, Equity, and Growth : _bEgypt and Turkey / _cBent Hansen |
||
| 260 |
_aOxford [England] ; New York : _bPublished for the World Bank [by] Oxford University Press, c1991. _c1991 |
||
| 300 |
_a572 p. : _bill. ; _c25 cm. |
||
| 490 |
_927355 _aA World Bank comparative study |
||
| 504 | _aIncludes bibliographical references (p.548-558) and index | ||
| 650 |
_927358 _aIncome distribution _xHistory _zTurkey |
||
| 650 |
_927356 _aIncome distribution _xHistory _zEgypt |
||
| 650 |
_927357 _aPoor _xHistory _zEgypt |
||
| 650 |
_927360 _aPoor _xHistory _zTurkey |
||
| 651 |
_927362 _aEgypt _xEconomic conditions _y1919-1952 |
||
| 651 |
_927363 _aTurkey _xEconomic conditions _y1918-1960 |
||
| 651 |
_927362 _aEgypt _xEconomic conditions _y1919-1952 |
||
| 653 |
_bEco _cSeptember2011 |
||
| 942 |
_2ddc _cNB |
||
| 999 |
_c16086 _d16086 |
||